000 00585nam a2200241 a 4500
001 nice12345678
003 IN_TiNIC
005 20260116011323.0
008 050524s1937 lona grp 000 0 eng
020 _a
_c100
082 0 0 _a914.404
_bTUR
100 _aTurle, James
245 _aOut of Doors in England
260 _aLondon
_bConstable and Company Ltd.
_c1937
300 _a307p
500 _aincludes index and biblioraphy
505 2 _aIll,
650 _aEngland-Description and Travel
700 1 _aTurle, James
902 _bSRC
942 _cBK
999 _c477
_d477